History Quiz

Random History or Quote Quiz
Score 0/17 Timer 08:00
2 Plays Today
% Correct
'About half' (Pope John XXIII)
97%
'If you were my wife, I'd drink it' (Winston Churchill)
95.6%
'God gets an A. You get an F. Happy New Year' (William Lyon Phelps)
95.3%
'Cannot possibly attend first night, will attend second... if there is one' (Winston Churchill)
95.2%
'If only I had known you when you were at your best' (Alcibiades)
94%
'Poor [man]. Does he really think big emotions come from big words?' (Ernest Hemingway)
93.5%
'That's not enough, madam, we need a majority!' (Adlai Stevenson)
92.2%
'So do you' (Edna Ferber)
91.8%
'You lose' (Calvin Coolidge)
91.4%
% Correct
'Join it' (Oscar Wilde)
91.4%
'Yes madam, and you are ugly. But in the morning, I'll be sober, and you'll still be ugly' (Winston Churchill)
91.3%
'Pearls before swine' (Dorothy Parker)
90.2%
'Why don't you come sober, Prime Minister?' (Lady Astor)
90%
'No, it is purely voluntary' (Winston Churchill)
89.3%
'I think it would be a good idea' (Mohandas Gandhi)
86.6%
'The gentleman need not trouble himself. He'll never be either' (Thomas Reed)
85.6%
'That depends, Sir, whether I embrace your policies or your mistress' (Various)
84.2%
Remove Ads.
Support Sporcle.
Get the best of Sporcle when you Go Orange. This ad-free experience offers more features, more stats, and more fun while also helping to support Sporcle. Thank you for becoming a member.

You're not logged in!

Compare scores with friends on all Sporcle quizzes.
OR
Log In

Show Comments

Extras

Top Quizzes Today


Score Distribution

Your Account Isn't Verified!

In order to create a playlist on Sporcle, you need to verify the email address you used during registration. Go to your Sporcle Settings to finish the process.

Report this User

Report this user for behavior that violates our Community Guidelines.

Details: